| 000 | 00683cam a2200157 4500 | ||
|---|---|---|---|
| 001 | ABS61017 | ||
| 008 | 000000n1999 000 0 eng u | ||
| 035 | _a(Sirsi) u101571 | ||
| 100 | _aBenyon, L. | ||
| 245 | _aTeam spirit. | ||
| 260 | _c1999 | ||
| 490 |
_aProperty Week _v64(27) 9 July 1999, 30-31(2) |
||
| 520 | _aLooks at the potential benefits for surveying firms and their clients of 'teaming'. Mainly used in the advertising industry, teaming is a system where clients are given a principal contact in the firm who heads a specialist team dealing with all the client's business requirements. | ||
| 690 | _aMANAGEMENT-BUSINESS MANAGEMENT-PROFESSIONAL PRACTICE | ||
| 942 | _n0 | ||
| 999 |
_c60703 _d60703 |
||